书目信息 |
| 题名: |
中国古建筑构造技术
|
|
| 作者: | 王晓华 主编 | |
| 分册: | ||
| 出版信息: | 北京 化学工业出版社 2017.7 |
|
| 页数: | 384页 | |
| 开本: | 26cm | |
| 丛书名: | ||
| 单 册: | ||
| 中图分类: | TU-092.2 | |
| 科图分类: | ||
| 主题词: | 古建筑--建筑构造--中国 , 古建筑 , 建筑构造 | |
| 电子资源: | ||
| ISBN: | 978-7-122-17662-2 | |
| 000 | 00980nam0 2200265 450 | |
| 001 | 0400004053 | |
| 005 | 20171026103021.51 | |
| 010 | @a978-7-122-17662-2@dCNY69.00 | |
| 100 | @a20171023d2017 em y0chiy ea | |
| 101 | 0 | @achi |
| 102 | @aCN@b110000 | |
| 105 | @aa z 000yy | |
| 106 | @ar | |
| 200 | 1 | @a中国古建筑构造技术@9zhong guo gu jian zhu gou zao ji shu@f王晓华主编 |
| 210 | @a北京@c化学工业出版社@d2017.7 | |
| 215 | @a384页@c图@d26cm | |
| 300 | @a中国古建筑工程技术系列图书 | |
| 330 | @a本书以中国古建筑构造技术为主线,根据中国古代建筑的组成,按照从基础到屋顶,从结构到装饰装修的顺序,分别介绍了古建筑基础、台基与地面构造,古建筑墙体构造,古建筑木构架构造,古建筑斗栱构造,古建筑屋顶构造,古建筑木装修构造以及古建筑彩画知识。 | |
| 606 | 0 | @a古建筑@x建筑构造@y中国 |
| 606 | 0 | @a古建筑 |
| 606 | 0 | @a建筑构造 |
| 690 | @aTU-092.2@v5 | |
| 701 | 0 | @a王晓华@9wang xiao hua@c(建筑构造)@4主编 |
| 801 | 0 | @aCN@bNLC@c20171023 |
| 905 | @b1036821-5@dTU-092.2@f5@e171 | |
| 中国古建筑构造技术/王晓华主编.-北京:化学工业出版社,2017.7 |
| 384页:图;26cm |
| 中国古建筑工程技术系列图书 |
| ISBN 978-7-122-17662-2:CNY69.00 |
| 本书以中国古建筑构造技术为主线,根据中国古代建筑的组成,按照从基础到屋顶,从结构到装饰装修的顺序,分别介绍了古建筑基础、台基与地面构造,古建筑墙体构造,古建筑木构架构造,古建筑斗栱构造,古建筑屋顶构造,古建筑木装修构造以及古建筑彩画知识。 |
| ● |
| 相关链接 |
|
|
|
|
正题名:中国古建筑构造技术
索取号:TU-092.2/171
 
预约/预借
| 序号 | 登录号 | 条形码 | 馆藏地/架位号 | 状态 | 备注 |
| 1 | 1036821 | 210368216 | 第二样本阅览室/ [索取号:TU-092.2/171] | 在馆 | |
| 2 | 1036822 | 210368225 | 第三借阅区/ [索取号:TU-092.2/171] | 在馆 | |
| 3 | 1036823 | 210368234 | 第三借阅区/ [索取号:TU-092.2/171] | 在馆 | |
| 4 | 1036824 | 210368243 | 第三借阅区/ [索取号:TU-092.2/171] | 在馆 | |
| 5 | 1036825 | 210368252 | 密集书库-生命科学系/ [索取号:TU-092.2/171] | 在馆 |